000 00381nam a22001217a 4500
999 _c13533
_d13533
082 _a297.12
_b م خ د
100 _aابو محمّد مخدوم زادہ
245 _aانتخاب نہج البلاغہ
260 _aلاہور
_bیو پبلشرز
_c٢٠٠٨
300 _a٢٥٥ صفحات
650 _aIntikhab neej ul balagha, Hazrat Ali, Khutbat, irshadat
942 _cBK